Моделирование процессов утечки жидкости в трубопроводе; Молодежь и современные информационные технологии

Bibliographic Details
Parent link:Молодежь и современные информационные технологии.— 2005.— С. 183-184
Main Author: Степанченко Т. Е. Татьяна Егоровна
Other Authors: Шкляр В. Н. Виктор Николаевич
Language:Russian
Published: 2005
Subjects:
Format: Book Chapter
KOHA link:https://koha.lib.tpu.ru/cgi-bin/koha/opac-detail.pl?biblionumber=144609

MARC

LEADER 00000naa2a2200000 4500
001 144609
005 20231220130430.0
035 |a (RuTPU)RU\TPU\book\156710 
090 |a 144609 
100 |a 20081006d2005 k y0rusy50 ca 
101 0 |a rus 
102 |a RU 
200 1 |a Моделирование процессов утечки жидкости в трубопроводе  |f Т. Е. Степанченко, В. Н. Шкляр 
463 0 |0 (RuTPU)RU\TPU\book\118408  |t Молодежь и современные информационные технологии  |o сборник трудов III Всероссийской научно-практической конференции студентов, г. Томск, 15 февраля - 17 февраля 2005 г.  |f Томский политехнический университет  |v С. 183-184  |d 2005  |p 284 с. 
610 1 |a трубопроводы 
610 1 |a моделирование 
610 1 |a жидкости 
610 1 |a утечка 
610 1 |a разгерметизация 
610 1 |a труды учёных ТПУ 
700 1 |a Степанченко  |b Т. Е.  |c специалист в области информатики и вычислительной техники  |c доцент Томского политехнического университета, кандидат технических наук  |f 1983-  |g Татьяна Егоровна  |3 (RuTPU)RU\TPU\pers\27767  |9 12828 
701 1 |a Шкляр  |b В. Н.  |c специалист в области систем управления  |c доцент Томского политехнического университета, кандидат технических наук  |f 1946-  |g Виктор Николаевич  |3 (RuTPU)RU\TPU\pers\26783 
801 1 |a RU  |b 63413507  |c 20081006  |g PSBO 
801 2 |a RU  |b 63413507  |c 20150113  |g RCR 
942 |c BK